000 00492nam a2200181Ia 4500
999 _c19522
_d19522
003 OSt
005 20200701110651.0
008 190216s9999||||xx |||||||||||||| ||und||
020 _a0333323726
040 _coclc
082 _a907.2
_bMAR/N
100 _aMarwick, Arthur
_93384
245 4 _aThe Nature Of History /
_cArthur Marwick
260 _bMacmillan,
_c1981.
_aLondon:
300 _a316p
650 _aHistory
942 _cBK
_2ddc
_h907.2
_iMAR/N
_k907.2
_mMAR/N